1081 1268 1389 1659 1206 1577 1067 1066 1980 1110 1388 1242 1356 1819 1818 1374 1056 1707 1271 1933 1318 1199 1221 1850 1730 1774 1939 1139 1779 1170 1320 1496 1187 1822 1569 1936 1265 1273 1401 1688 1082 1247 1477 1316 1346 1853 1030 1041 1551 1676 1619 1007 1747 1370 1404 1278 1519 1508 1913 1251 1310 1925 1451 1559 1831 1121 1847 1333 1410 1742 1761 1300 1546 1275 1632 1718 1630 1284 1609 1083 1077 1889 1334 1519 1925 1559 1281 1965 1667 1285 1766 1242 1646 1476 1368 1694 1764 1371 1804 BCNSPRNW ULIB Ver.6.0+V

เปลี่ยนเป็นภาษาไทย

Change to English
 แสดงรายละเอียดบรรณานุกรม
  กลับหน้าหลัก

Brief Record : Get Marc (ISO 2709) : E-mail record : QR code < ปิดหน้าต่าง
LEADER : 00000nas 2200000uu 4500
001    13399123144
003     ULIB
008    140403s||||||||th 000 0 tha d
022    ^a16865081
110    ^aวิทยาลัยพยาบาลพระจอมเกล้า เพชรบุรี
245    ^aวารสารการพยาบาลและกระทรวงสาธารณสุข ^nวิทยาลัยเครือข่ายภาคกลาง 2/^cวิทยาลัยพยาบาลพระจอมเกล้า เพชรบุรี
260    ^aเพชรบุรี :^bวิทยาลัยพยาบาลพระจอมเกล้า เพชรบุรี,^cม.ป.ป.
310    ^aราย 6 เดือน
850 ^a ULIB^bปีที่ 10 ฉบับที่ 1 ;ปีที่ 11 ฉบับที่ 1 ฉ.1
945    ^p0^l0^i902138
945    ^p0^l0^i903406
999    ^aเกษร โพธิ์สุวรรณ
รายการนี้ยังไม่มีแท็ก
คุณยังไม่ได้ล็อกอิน คุณสามารถมีกิจกรรมร่วมกับเว็บไซต์ได้ แต่ต้องล็อกอินก่อน ::
  ล็อกอิน

รายการสื่อสารสนเทศ (วารสาร)

ดูแบบ: กล่อง รายการ
ARRIVED
ปีที่ 10 ฉบับที่ 1
สถานที่: ห้องสมุดวิทยาเขตสวรรค์ประชารักษ์ >วารสาร
ARRIVED
ปีที่ 11 ฉบับที่ 1 ฉ.1
สถานที่: ห้องสมุดวิทยาเขตสวรรค์ประชารักษ์ >วารสาร

BibComment


ยังไม่เคยถูกคอมเมนท์

คอมเมนท์ทรัพยากรรายการนี้
  คอมเมนท์: วารสารการพยาบาลแ..


 Copyright 2026. Bcnsprnw @Library